Statistics for Name the Countries on this Map #4

Click here to take the quiz!

General Stats

  • This quiz has been taken 566 times
    (560 since last reset)
  • The average score is 20 of 22

Answer Stats

Country% Correct
Greece
99%
Italy
99%
Croatia
98%
Bosnia and Herzegovina
97%
France
96%
Malta
96%
Serbia
96%
Albania
95%
Kosovo
95%
Algeria
94%
Bulgaria
94%
Montenegro
94%
Slovenia
94%
Macedonia
93%
Romania
93%
Tunisia
93%
Libya
91%
Turkey
90%
Vatican City
86%
San Marino
85%
Monaco
81%
Hungary
78%

Score Distribution

Percentile by Number Answered

Percent of People with Each Score

Your Score History

You have not taken this quiz since the last reset